Normal view
MARC view
Entry Topical Term
001 - CONTROL NUMBER
- control field: 15019
003 - CONTROL NUMBER IDENTIFIER
- control field: BD-RjUL
005 - DATE AND TIME OF LATEST TRANSACTION
- control field: 20250217113934.0
008 - FIXED-LENGTH DATA ELEMENTS
- fixed length control field: 250217|| aca||aabn | a|a d
040 ## - CATALOGING SOURCE
- Original cataloging agency: BD-RjUL
- Transcribing agency: BD-RjUL
150 ## - HEADING--TOPICAL TERM
- Topical term or geographic name entry element: Urdu Literate
- Form subdivision: history & Criticism
670 ## - SOURCE DATA FOUND
- Source citation: Work cat.: (BD-RjUL)84697: سرور ، ال احمد ;; Sarwar, Al-Ahmad 12398, نئے اور پرانے چراغ / Naʼe aur purāne cirāg̲h̲ /, 195?